| 000 | 01366nam a2200385Ii 4500 | ||
|---|---|---|---|
| 001 | DIGHERDER0237 | ||
| 003 | NyNyDIG | ||
| 007 | cr ||||||||||| | ||
| 008 | 220426s2015 sp o 000 0 spa d | ||
| 006 | m o d | ||
| 035 | _a(OCoLC)989817171 | ||
| 040 |
_aDGITA _beng _erda _epn _cDGITA |
||
| 020 |
_a9788425434440 _qeBook _qePub |
||
| 020 | _z9788425434457 | ||
| 050 | 1 | 4 | _aBD216 ebook |
| 100 | 1 |
_aArregi Olaizola, Joxe, _eauthor. |
|
| 245 | 1 | 0 |
_aInvitación a la esperanza / _cJosé Arregi Olaizola. |
| 250 | _a1a. edición digital. | ||
| 264 | 1 |
_aBarcelona : _bHerder, _c2015. |
|
| 300 | _a1 online resource. | ||
| 336 |
_atext _btxt _2rdacontent |
||
| 337 |
_acomputer _bc _2rdamedia |
||
| 338 |
_aonline resource _bcr _2rdacarrier |
||
| 347 |
_atext file _2rdaft |
||
| 347 | _bEPUB | ||
| 588 | 0 | _aOnline resource; title from ePub title page (Digitalia, viewed April 26, 2022) | |
| 650 | 0 |
_aHope _xReligious aspects _xChristianity. |
|
| 655 | 0 | _aElectronic books. | |
| 791 | 2 |
_aDigitalia (Firm), _edistributor. |
|
| 793 | 0 |
_gDigitalia eBook Collection: _aHerder Editorial |
|
| 776 | 0 | 8 |
_iPrint version: _aArregi Olaizola, Joxe. _tInvitación a la esperanza. _dBarcelona : Herder, 2015 _z9788425434457 |
| 856 | 4 | 0 |
_3Digitalia Hispánica _uhttps://www.digitaliapublishing.com/a/61254/ |
| 910 | _aPremium collection: 2022 | ||
| 942 | _cRAA | ||
| 999 |
_c257521 _d257521 |
||